000 00766nam a2200289Ia 4500
005 20260324113024.0
008 008 260324s9999 xx 000 0 eng d
020 _a9781003431985
037 _aEBOOK
040 _aCRL
040 _beng
040 _cCRL
041 _2eng
041 _aeng
084 _qCRL
100 _aJuan H. Vera; Grazyna Wilczek-Vera; Claudio Olivera-Fuentes; Costas Panayiotou
_91145104
245 0 _aClassical and Molecular Thermodynamics of Fluid Systems
245 0 _bPrinciples and Applications
260 _bTaylor and Francis
260 _c2024
365 _a
365 _b320
856 _uhttp://www.taylorfrancis.com/books/9781003431985
942 _cEBOOK
999 _c1734529
_d1734529